|
|
|
|
| LEADER |
00000nam a2200000 i 4500 |
| 001 |
1/20755 |
| 008 |
980430s1994 ger d |
| 020 |
|
|
|a 3-85098-217-3
|
| 035 |
|
|
|l 10036116
|
| 040 |
|
|
|a GR-MY-UA
|b gre
|e aacr
|
| 041 |
0 |
|
|a ger
|
| 082 |
0 |
|
|a 700.3219940907
|
| 245 |
1 |
0 |
|a Kunst und Diktatur :
|b Architectur, Bildhauerei und Malerei in Oesterreich, Deutschland, Italien und der Sowjetunion 1922-1956 /
|c Herausgegeben von Jan Tabor
|
| 260 |
|
|
|a Baden :
|b Grasl,
|c 1994
|
| 300 |
|
|
|a 2 bd.
|
| 650 |
0 |
0 |
|a Art
|x Censorship
|z Europe
|x Exhibitions.
|
| 650 |
0 |
0 |
|a Art and state
|z Europe
|x History
|y 20th century
|x Exhibitions.
|
| 650 |
0 |
0 |
|a Public art
|z Europe
|x History
|y 20th century
|x Exhibitions.
|
| 700 |
1 |
|
|a Tabor, Jan
|d 1944-
|4 edt
|
| 852 |
|
|
|a INST
|b RHODES
|e 19980430
|h 700.3219940907 KUN
|p 005400006688
|q 005400006688
|t BK
|y 0
|z v.2
|
| 852 |
|
|
|a INST
|b RHODES
|e 19980430
|h 700.3219940907 KUN
|p 005400006689
|q 005400006689
|t BK
|y 0
|z v.1
|
| 852 |
|
|
|a INST
|b RHODES
|e 19980430
|h 700.3219940907 KUN
|p 005400006688
|q 005400006688
|t BK
|v v.2:
|y 0
|z v.2
|
| 852 |
|
|
|a INST
|b RHODES
|e 19980430
|h 700.3219940907 KUN
|p 005400006689
|q 005400006689
|t BK
|v v.1:
|y 0
|z v.1
|
| 853 |
|
|
|a INST
|b RHODES
|h 700.3219940907 KUN
|
| 901 |
|
|
|a BIBL-1998-1
|
| 909 |
|
|
|a Ρ
|b 053882
|c 1998
|
| 909 |
|
|
|a Ρ
|b 053883
|c 1998
|